Einführung in die technische Verformungskunde /

Guardado en:
Detalles Bibliográficos
Autores principales: Anke, Fritz (Autor), Vater, Max (Autor)
Formato: Libro
Lenguaje:alemán
Publicado: Düsseldorf : Verlag Stahleisen, 1974
Materias:
Etiquetas: Agregar Etiqueta
Sin Etiquetas, Sea el primero en etiquetar este registro!

MARC

LEADER 00000nam a22000003a 4500
001 stu34340
005 20150617225730.4
008 920316s1974----gw------------------ger-d
040 |a STU  |b slo 
041 0 |a ger 
044 |a gw 
080 |a 621.77 
100 1 |a Anke, Fritz  |4 aut 
245 1 |a Einführung in die technische Verformungskunde /  |c [aut.]Fritz Anke, Max Vater 
260 |a Düsseldorf :  |b Verlag Stahleisen,  |c 1974 
300 |a 308 s 
650 7 |a tvárnenie  |2 stusub 
700 1 |a Vater, Max  |4 aut 
996 |b 284M061659  |c M*3308-1  |l MMKN  |s A  |a 24  |w stu34340_0001